Avez-vous de la chance ? (Chiffres) - Statistiques

Statistiques générales
  • Ce quiz a été pris 12 923 fois
  • Le résultat moyen est 11 sur 50
Statistiques - réponses
Chiffre aléatoire % Correct
1
28%
2
27%
2
27%
1
26%
1
26%
1
26%
1
26%
1
26%
1
26%
1
26%
2
26%
3
26%
4
26%
6
26%
7
26%
1
25%
1
25%
1
25%
1
25%
1
25%
1
25%
1
25%
1
25%
1
25%
2
25%
2
25%
2
25%
2
25%
2
25%
2
25%
2
25%
3
25%
3
25%
3
25%
3
25%
3
25%
4
25%
4
25%
4
25%
5
25%
5
25%
5
25%
5
25%
5
25%
6
25%
6
25%
7
25%
7
25%
1
24%
1
24%
1
24%
1
24%
1
24%
1
24%
2
24%
2
24%
2
24%
2
24%
2
24%
2
24%
2
24%
2
24%
2
24%
2
24%
3
24%
3
24%
3
24%
3
24%
3
24%
3
24%
3
24%
3
24%
3
24%
3
24%
3
24%
4
24%
4
24%
4
24%
4
24%
4
24%
4
24%
4
24%
4
24%
4
24%
4
24%
5
24%
5
24%
5
24%
5
24%
5
24%
5
24%
5
24%
5
24%
5
24%
5
24%
5
24%
6
24%
6
24%
6
24%
6
24%
6
24%
6
24%
6
24%
6
24%
6
24%
7
24%
7
24%
7
24%
7
24%
8
24%
8
24%
8
24%
8
24%
8
24%
8
24%
8
24%
8
24%
9
24%
9
24%
9
24%
9
24%
9
24%
0
23%
1
23%
1
23%
1
23%
1
23%
1
23%
1
23%
1
23%
1
23%
1
23%
1
23%
1
23%
1
23%
1
23%
1
23%
1
23%
2
23%
2
23%
2
23%
2
23%
2
23%
2
23%
2
23%
2
23%
2
23%
2
23%
3
23%
3
23%
3
23%
3
23%
3
23%
3
23%
3
23%
3
23%
3
23%
3
23%
3
23%
3
23%
3
23%
4
23%
4
23%
4
23%
4
23%
4
23%
4
23%
4
23%
4
23%
4
23%
4
23%
4
23%
4
23%
4
23%
5
23%
5
23%
5
23%
5
23%
5
23%
5
23%
5
23%
5
23%
5
23%
5
23%
5
23%
5
23%
6
23%
6
23%
6
23%
6
23%
6
23%
7
23%
7
23%
7
23%
7
23%
7
23%
7
23%
7
23%
7
23%
7
23%
7
23%
7
23%
7
23%
7
23%
8
23%
8
23%
8
23%
8
23%
8
23%
8
23%
8
23%
8
23%
8
23%
8
23%
9
23%
9
23%
9
23%
9
23%
9
23%
9
23%
9
23%
9
23%
0
22%
0
22%
0
22%
0
22%
0
22%
0
22%
1
22%
1
22%
2
22%
2
22%
2
22%
2
22%
2
22%
2
22%
3
22%
3
22%
3
22%
3
22%
3
22%
3
22%
3
22%
4
22%
4
22%
4
22%
4
22%
4
22%
4
22%
4
22%
4
22%
4
22%
4
22%
5
22%
5
22%
5
22%
5
22%
5
22%
5
22%
5
22%
5
22%
6
22%
6
22%
6
22%
6
22%
6
22%
6
22%
6
22%
6
22%
6
22%
6
22%
6
22%
6
22%
6
22%
6
22%
7
22%
7
22%
7
22%
7
22%
7
22%
7
22%
7
22%
7
22%
7
22%
7
22%
7
22%
8
22%
8
22%
8
22%
8
22%
8
22%
8
22%
8
22%
8
22%
8
22%
8
22%
8
22%
8
22%
9
22%
9
22%
9
22%
9
22%
9
22%
9
22%
9
22%
9
22%
9
22%
0
21%
0
21%
0
21%
0
21%
0
21%
0
21%
0
21%
0
21%
0
21%
0
21%
2
21%
2
21%
2
21%
3
21%
3
21%
4
21%
4
21%
4
21%
5
21%
5
21%
5
21%
6
21%
6
21%
6
21%
6
21%
6
21%
7
21%
7
21%
7
21%
7
21%
7
21%
7
21%
8
21%
8
21%
8
21%
8
21%
8
21%
8
21%
8
21%
9
21%
9
21%
9
21%
9
21%
9
21%
9
21%
9
21%
9
21%
9
21%
9
21%
9
21%
9
21%
9
21%
9
21%
9
21%
0
20%
0
20%
0
20%
0
20%
0
20%
0
20%
0
20%
2
20%
3
20%
5
20%
6
20%
6
20%
6
20%
7
20%
7
20%
7
20%
8
20%
8
20%
9
20%
9
20%
9
20%
0
19%
0
19%
0
19%
0
19%
0
19%
0
19%
0
19%
0
19%
0
19%
0
19%
0
19%
0
19%
0
19%
6
19%
8
19%
0
18%
0
18%
0
18%
Aucun quiz correspondant
Distribution des résultats
% des personnes avec chaque résultat
Percentile par nombre de réponses
Votre historique - résultats
Vous n’avez pas pris ce quiz